• 首页
  • 本馆介绍
  • 公告通知
  • 最新文献
  • 馆藏检索
  • 电子资源
  • 读者导购
  • 参考咨询
  • 我的图书馆
  • 登录
  • 详细信息显示
  • 放入我的书架
  • 预约/预借图书
  • 作者相关作品
  • 分类相关作品
  • 丛书相关作品
  • 出版社相关作品

书目信息

  • 表格格式
  • 工作单格式
  • 卡片格式
题名:
新型电话机故障检修技术
    
 
作者: 周立云 , 张庆双 编著
分册:  
出版信息: 北京   金盾出版社  2005
页数: 176页
开本: 26cm
丛书名:
单 册:
中图分类: TN916.38
科图分类:
主题词: 电话机--检修 , 电话机
电子资源:
ISBN: 7-5082-3744-7
000 00960nam0 2200241 450
001 003003949
005 20061123093224.54
010    @a7-5082-3744-7@dCNY16.00
100    @a20050119d2005 em y0chiy0110 ea
101 0  @achi
102    @aCN@b110000
105    @ay z 000yy
200 1  @a新型电话机故障检修技术@9xin xing dian hua ji gu zhang jian xiu ji shu@f周立云,张庆双等编著
210    @a北京@c金盾出版社@d2005
215    @a176页@d26cm
330    @a本书在介绍按键电话机和无绳电话机电路的一般结构和检修方法的基础上,以恒晖IC卡管理电话机、翔云电脑计费电话机、泰丰来电显示电话机、西陵数字录音电话机、渴望语言报号多功能电话机,以及德赛、步步高等型无绳电话机为例,详尽介绍了电路的工作原理及常见故障的检修技术。
606 0  @a电话机@x检修
606 0  @a电话机
690    @aTN916.38@v4
701  0 @a周立云@9zhou li yun@c(通信技术)@4编著
701  0 @a张庆双@9zhang qing shuang@c(通信技术)@4编著
801  0 @aCN@bNLC@c20061123
905    @a10447@dTN916.38@e64
    
    新型电话机故障检修技术/周立云,张庆双等编著.-北京:金盾出版社,2005
    176页;26cm
    
    
    ISBN 7-5082-3744-7:CNY16.00
    本书在介绍按键电话机和无绳电话机电路的一般结构和检修方法的基础上,以恒晖IC卡管理电话机、翔云电脑计费电话机、泰丰来电显示电话机、西陵数字录音电话机、渴望语言报号多功能电话机,以及德赛、步步高等型无绳电话机为例,详尽介绍了电路的工作原理及常见故障的检修技术。
●
相关链接 在E读中查询图书 在五车中查询图书 在当当中查询图书 在豆瓣中查询图书


正题名:新型电话机故障检修技术     索取号:TN916.38/64         预约/预借

序号 登录号 条形码 馆藏地/架位号 状态 备注
1 0390187   203901876   第二样本阅览室/ [索取号:TN916.38/64] 在馆    
2 0390188   203901885   第三借阅区/ [索取号:TN916.38/64] 在馆    
3 0390189   203901894   第三借阅区/ [索取号:TN916.38/64] 在馆    
4 0390190   203901901   第三借阅区/ [索取号:TN916.38/64] 在馆    
5 0390191   203901910   第三借阅区/ [索取号:TN916.38/64] 在馆    
唐山师范学院图书馆 欢迎您!
大连网信软件有限公司© 版权所有